[Event "Ramat Gan Spring op"]
[Site "Ramat Gan"]
[Date "2023.06.19"]
[Round "6"]
[White "Qasem, Huda"]
[Black "Berlad, Asaf"]
[Result "0-1"]
[WhiteElo "1943"]
[BlackElo "1753"]
[PlyCount "112"]
[EventDate "2023.05.01"]
[EventType "swiss"]
[EventRounds "7"]
[EventCountry "ISR"]
[SourceTitle "CBM 215 Extra"]
[Source "ChessBase"]
[SourceDate "2023.09.30"]
[SourceVersion "1"]
[SourceVersionDate "2023.09.30"]
[SourceQuality "1"]

1. e4 e6 2. d4 d5 3. e5 c5 4. c3 Nc6 5. Nf3 Bd7 6. Be2 Qb6 7. 0-0 Nge7 8. Na3 cxd4 9. cxd4 Nf5 10. Nc2 h5 11. Bd3 Be7 12. Re1 h4 13. Bxf5 exf5 14. e6 Bxe6 15. b4 Kd7 16. Rb1 f6 17. Qe2 Nd8 18. Ne3 Bd6 19. Qd3 Rh5 20. b5 Bc7 21. Ba3 Bd6 22. Bc1 g6 23. a4 Nf7 24. Qe2 Re8 25. Nxd5 Qd8 26. Nxf6+ Qxf6 27. d5 Be5 28. Nxe5+ Qxe5 29. dxe6+ Rxe6 30. Qd2+ Qd6 31. Rd1 Qxd2 32. Bxd2 Nd6 33. Be3 b6 34. Rbc1 g5 35. Rc6 f4 36. Bc1 Rhh6 37. Ba3 g4 38. a5 bxa5 39. Ra6 Kc7 40. Rxa7+ Kb8 41. Rg7 a4 42. Bc5 Re5 43. Ba7+ Ka8 44. b6 Rhe6 45. Kf1 a3 46. Rg8+ Ne8 47. g3 a2 48. Rxg4 Rb5 49. Rd8+ Kb7 50. Rxf4 a1Q+ 51. Kg2 hxg3 52. Rf7+ Ka6 53. hxg3 Rh6 54. Kf3 Rf6+ 55. Kg2 Rxf7 56. Rxe8 Rh5 0-1